000 01173nam a2200481Ia 4500
001 9709
003 19505
005 20241024062652.0
008 ||||||n9999 ||| || ||
020 _a9581100741
041 _aspa
082 _221
_a658
245 0 _aEncuentro de Investigadores en Administracion de Empresas V
_bmemorias
260 _aBogotá :
_bInstituto Colombiano para el Fomento de la Educación Superior-ICFES,
_c1986.
300 _a195p
490 _aSerie memorias de eventos cientificos colombianos
_v41
562 _e1
650 0 _aAdministración de empresas
_91521
650 _aMEMORIA--CONGRESOS, CONFERENCIAS ETC.
_91039
650 _aPROGRAMA DE INVESTIGACIÓN
_9114
942 _cBKM
942 _cBKM
999 _c9709
_d9709
526 _a102617
526 _a102618
526 _a15794
526 _a102619
526 _a102620
526 _a10406
526 _a105630
526 _a1698
526 _a116204
526 _a4969
526 _a19790
526 _a104436
526 _a5144
526 _a51868
526 _a3899
526 _a9683
526 _a
526 _a1703
526 _a1697
526 _a17598